• 首页
  • 本馆介绍
  • 公告通知
  • 最新文献
  • 馆藏检索
  • 电子资源
  • 读者荐购
  • 参考咨询
  • CALIS
  • 我的图书馆
  • 登录
  • 详细信息显示
  • 放入我的书架
  • 预约/预借图书
  • 作者相关作品
  • 分类相关作品
  • 丛书相关作品
  • 出版社相关作品

书目信息

  • 表格格式
  • 工作单格式
  • 卡片格式
题名:
空间数据挖掘方法与实践
    
 
作者: 李宏伟 , 马雷雷 , 连世伟 编著
分册:  
出版信息: 北京   科学出版社  2022.09
页数: xii, 484页
开本: 26cm
丛书名:
单 册:
中图分类: P208.2-39
科图分类:
主题词: 空间信息系统--kong jian xin xi xi tong--数据处理
电子资源:
ISBN: 978-7-03-073063-3
 
 
 
 
 
000 01078nam0 2200277 450
001 92455
005 20250818085552.67
010    @a978-7-03-073063-3@dCNY298.00
099    @aCAL 012022108110
100    @a20221209d2022 em y0chiy50 ea
101 0  @achi
102    @aCN@b110000
105    @aabk a 000yy
106    @ar
200 1  @a空间数据挖掘方法与实践@Akong jian shu ju wa jue fang fa yu shi jian@f李宏伟, 马雷雷, 世伟等编著
210    @a北京@c科学出版社@d2022.09
215    @axii, 484页@c图 (部分彩图), 地图@d26cm
320    @a有书目 (第477-484页)
330    @a本书主要反映作者团队围绕空间聚类分析和变化检测、空间关联规则挖掘、互联网专题信息挖掘、轨迹数据挖掘以及气象数据流挖掘等方面所取得的一系列进展。详解空间数据挖掘方法创新和应用实践, 为深化空间数据挖掘研究拓展新思路。
606 0  @a空间信息系统@Akong jian xin xi xi tong@x数据处理
690    @aP208.2-39@v5
701  0 @a李宏伟@Ali hong wei@4编著
701  0 @a马雷雷@Ama lei lei@4编著
701  0 @a连世伟@Alian shi wei@4编著
801  0 @aCN@c20250909
905    @a河南城建学院图书馆@dP208.2-39@eL170@f1
    
    空间数据挖掘方法与实践/李宏伟, 马雷雷, 世伟等编著.-北京:科学出版社,2022.09
    xii, 484页:图 (部分彩图), 地图;26cm
    
    
    ISBN 978-7-03-073063-3:CNY298.00
    本书主要反映作者团队围绕空间聚类分析和变化检测、空间关联规则挖掘、互联网专题信息挖掘、轨迹数据挖掘以及气象数据流挖掘等方面所取得的一系列进展。详解空间数据挖掘方法创新和应用实践, 为深化空间数据挖掘研究拓展新思路。
●
相关链接 在E读中查询图书 在当当中查询图书 在豆瓣中查询图书


正题名:空间数据挖掘方法与实践     索取号:P208.2-39/L170         预约/预借

序号 登录号 条形码 馆藏地/架位号 状态 备注
1 1626419   216264192   自科库401/401自科库 119排2列1层/ [索取号:P208.2-39/L170] 在馆    
河南城建学院图书馆 欢迎您!
大连网信软件有限公司© 版权所有